书目信息 |
| 题名: |
家庭实用药膳食疗大全
|
|
| 作者: | 王玉学 主编 | |
| 分册: | ||
| 出版信息: | 哈尔滨 黑龙江科学技术出版社 2004 |
|
| 页数: | 374页 | |
| 开本: | 21cm | |
| 丛书名: | 现代生活必备宝典 | |
| 单 册: | ||
| 中图分类: | TS972.161 | |
| 科图分类: | ||
| 主题词: | 食物疗法--Shi Wu Liao Fa--食谱 | |
| 电子资源: | ||
| ISBN: | 7-5388-4740-5 | |
| 000 | 00815nam 2200253 450 | |
| 001 | CAL 012006015825 | |
| 005 | 20061121112632.46 | |
| 010 | @a7-5388-4740-5@dCNY 24.50 | |
| 099 | @aCAL 012006015825 | |
| 100 | @a20060302d2004 ekmy0chiy0121 ea | |
| 101 | 0 | @achi |
| 102 | @aCN@b230000 | |
| 105 | @aaf z 000yy | |
| 200 | 1 | @a家庭实用药膳食疗大全@AJia Ting Shi Yong Lue Shan Shi Liao Da Quan@f王玉学主编@Fwang yu xue zhu bian |
| 210 | @a哈尔滨@c黑龙江科学技术出版社@d2004 | |
| 215 | @a374页@c图 (部分彩图)@d21cm | |
| 225 | 2 | @a现代生活必备宝典@AXian Dai Sheng Guo Bi Bei Bao Dian |
| 461 | 0 | @12001 @a现代生活必备宝典 |
| 606 | 0 | @a食物疗法@AShi Wu Liao Fa@x食谱 |
| 690 | @aTS972.161@v4 | |
| 701 | 0 | @a王玉学@AWang Yu Xue@4主编 |
| 801 | @aCN@c20061121 | |
| 905 | @a10447@dTS972.161@eW447 | |
| 998 | @aNEFU | |
| 家庭实用药膳食疗大全/王玉学主编.-哈尔滨:黑龙江科学技术出版社,2004 |
| 374页:图 (部分彩图);21cm.-(现代生活必备宝典) |
| ISBN 7-5388-4740-5:CNY 24.50 |
| ● |
| 相关链接 |
|
|
|
正题名:家庭实用药膳食疗大全
索取号:TS972.161/W447
 
预约/预借
| 序号 | 登录号 | 条形码 | 馆藏地/架位号 | 状态 | 备注 |
| 1 | 613647 | 206136475 | 自科库501/501自科库 45排6列1层/ [索取号:TS972.161/W447] | 在馆 | |
| 2 | 613648 | 206136484 | 自科库501/ [索取号:TS972.161/W447] | 在馆 | |
| 3 | 613649 | 206136493 | 自科库501/501自科库 45排6列1层/ [索取号:TS972.161/W447] | 在馆 |